1396 1055 1558 1172 1881 1066 1341 1908 1936 1072 1078 1224 1541 1858 1901 1770 1900 1887 1121 1510 1222 1294 1614 1656 1617 1354 1540 1762 1362 1987 1027 1559 1581 1385 1505 1704 1472 1289 1199 1635 1673 1512 1568 1292 1892 1192 1036 1847 1197 1319 1126 1428 1020 1685 1662 1035 1309 1547 1821 1807 1119 1632 1751 1773 1710 1650 1114 1436 1796 1354 1441 1793 1938 1628 1179 1471 1435 1453 1582 1134 1317 1129 1863 1567 1686 1116 1311 1878 1249 1005 1942 1727 1580 1562 1404 1454 1480 1153 1147 BCNSPRNW ULIB Ver.6.0+V

เปลี่ยนเป็นภาษาไทย

Change to English
 แสดงรายละเอียดบรรณานุกรม
  กลับหน้าหลัก

Brief Record : Get Marc (ISO 2709) : E-mail record : QR code < ปิดหน้าต่าง
LEADER : 00000nam 2200000uu 4500
001    13399126763
003     ULIB
008    190301s2560||||th 000 0 tha d
020    ู^a9786164280458
050    ^aN745.925^bช373พ
100    ^aชัยเกียรติ ศรีอ่อนจันทร์ และคณะ
245    ^aพื้นฐานงานใบตอง (ฉบับสุดคุ้ม)/^cชัยเกียรติ ศรีอ่อนจันทร์ และคณะ
260    ^aกรุงเทพฯ :^bวาดศิลป์,^c2560
300    ^a64 หน้า;^b26 ซม.
650    ^aการประดิษฐ์ด้วยใบตอง
650    ^aใบตอง
945    ^p80^l0^i27157
999    ^aกัณชพร จุลอักษร
รายการนี้ยังไม่มีแท็ก
คุณยังไม่ได้ล็อกอิน คุณสามารถมีกิจกรรมร่วมกับเว็บไซต์ได้ แต่ต้องล็อกอินก่อน ::
  ล็อกอิน

รายการสื่อสารสนเทศ

ลำดับที่ ประเภท เลขเรียก/บาร์โค้ด สถานที่ สถานะ
1. วิทยาศาสตร์การแพทย์ และสุขภาพ
วิทยาศาสตร์การแพทย์ และสุขภาพ
N745.925 ช373พ ฉ.1 
  Barcode: 27157
ห้องสมุดวิทยาเขตนครสวรรค์
►หนังสือทั่วไป:l:General Books
บนชั้น

รายการใกล้เคียง
    ผู้แต่ง [ชัยเกียรติ ศรีอ่อนจันทร์ และคณะ]

    หัวเรื่อง [การประดิษฐ์ด้วยใบตอง]
    หัวเรื่อง [ใบตอง]

BibComment


ยังไม่เคยถูกคอมเมนท์

คอมเมนท์ทรัพยากรรายการนี้
  คอมเมนท์: พื้นฐานงานใบตอง ..


 Copyright 2026. Bcnsprnw @Library